| 000 | 01269nam a2200373 c 4500 | ||
|---|---|---|---|
| 001 | 21506 | ||
| 003 | ES-MaCES | ||
| 005 | 20141221122728.0 | ||
| 008 | 080929s2007 sp d t o000 | spa d | ||
| 017 |
_aSE 5028-2007 _bDL |
||
| 035 | _aCES20080009504m | ||
| 040 |
_aES-MaCES _bspa _cES-MaCES |
||
| 245 | 0 | 0 |
_aInforme sobre la situación socioeconómica de Andalucía 2006 _cConsejo Económico y Social de Andalucía |
| 260 |
_a[Sevilla] _bCES _c[2007] |
||
| 300 |
_a465 p. _bgráf. col. _c24 cm _e1 CD-ROM |
||
| 500 | _aEn la port.: Junta de Andalucía | ||
| 500 | _aPubl. simultáneamente en CD-ROM | ||
| 541 | _cGratuito | ||
| 650 | 4 |
_acondiciones económicas _927081 |
|
| 650 | 4 |
_aindicador económico _927073 |
|
| 650 | 4 |
_acondiciones sociales _930469 |
|
| 650 | 4 |
_aindicador social _927259 |
|
| 650 | 4 |
_aAndalucia _930791 |
|
| 650 | 4 |
_a2006 _931838 |
|
| 650 | 4 |
_ainforme _928986 |
|
| 650 | 4 |
_aCD ROM _930331 |
|
| 653 | 1 | 0 | _aCondiciones económicas |
| 710 | 2 |
_aConsejo Económico y Social de Andalucía _92430 |
|
| 710 | 2 |
_aAndalucía _bJunta _91344 |
|
| 787 | 0 |
_tInforme sobre la situación socioeconómica de Andalucía 2007 _w(ES-MaCES)21736 |
|
| 902 | _aLIB Libro | ||
| 942 |
_2CES _cBK _h0.0. |
||
| 999 |
_c21506 _d21506 |
||